Most Common Monarch Names in Different Countries - Statistics

General Stats
  • This quiz has been taken 316 times
  • The average score is 11 of 18
Answer Stats
Pays Prénoms % Correct
France 17 Louis
92%
Royaume-Uni 8 Henry
88%
Espagne 4 Charles
83%
Royaume-Uni 6 George
79%
Vatican 21 John
79%
Russie 3 Alexander/Peter/Feodor
77%
Royaume-Uni 8 Edward
77%
France 6 Charles
76%
Russie 6 Ivan
66%
Espagne 7 Philip
62%
Belgique 1 Baudouin/Philip
56%
France 11 Philip
55%
Vatican 15 Benedict
45%
Belgique 3 Leopold
40%
Espagne 4 Ferdinand
34%
Belgique 2 Albert
27%
Vatican 16 Gregory
21%
Russie 4 Vasily
10%
No matching quizzes found
Score Distribution
Percent of People with Each Score
Percentile by Number Answered
Your Score History
You have not taken this quiz